| 000 | 00552nam a2200169 i 4500 | ||
|---|---|---|---|
| 001 | 72175 | ||
| 003 | ES-MaACL | ||
| 005 | 20230906171339.0 | ||
| 007 | t| | ||
| 008 | 040827s1949 sp ||||1| spa d | ||
| 100 | 1 |
_aGilpérez García, Luis. _957010 |
|
| 245 | 1 | 0 |
_aPatología de las cojeras en los animales domésticos / _cpor Luis Gilpérez García ; con un prólogo de Cesáreo Sánz Egaña. |
| 260 |
_aBarcelona : _bLabor, _c1949. |
||
| 300 |
_aXIII, 672 p. ; _c23 cm. |
||
| 700 | 1 |
_aSanz Egaña, C. _9103635 |
|
| 852 |
_aES-MaACL _jE-1551 _bR.29316 |
||
| 999 |
_c72175 _d72175 |
||